[Event "Karlsruhe Grenke op"]
[Site "Karlsruhe"]
[Date "2024.03.31"]
[Round "7"]
[White "Noe, Christopher"]
[Black "Nothnagel, Marian Can"]
[Result "1/2-1/2"]
[WhiteElo "2527"]
[BlackElo "2381"]
[PlyCount "87"]
[EventDate "2024.03.28"]
[EventType "swiss"]
[EventRounds "9"]
[EventCountry "GER"]
[SourceTitle "CB14_2024"]
[SourceDate "2024.04.01"]
[SourceVersion "1"]
[SourceVersionDate "2024.04.01"]
[SourceQuality "1"]

1. d4 Nf6 2. c4 g6 3. Nc3 Bg7 4. e4 d6 5. f3 0-0 6. Be3 c5 7. d5 e6 8. Qd2 exd5 9. cxd5 Re8 10. Nge2 a6 11. a4 Nbd7 12. Ng3 h5 13. Be2 h4 14. Nf1 Nh7 15. Bf2 Ne5 16. h3 f5 17. f4 Nf7 18. exf5 Bxf5 19. Ne3 Nf6 20. Bxh4 Rxe3 21. Qxe3 Nxd5 22. Nxd5 Qxh4+ 23. g3 Qd8 24. Ne7+ Kf8 25. Nxf5 gxf5 26. Rd1 Qa5+ 27. Qd2 Qxa4 28. 0-0 Bd4+ 29. Kg2 Re8 30. Bf3 Re4 31. Bxe4 fxe4 32. Qe2 d5 33. h4 Nd6 34. Qh5 Nc4 35. Rfe1 Nxb2 36. Qf5+ Kg7 37. Qg5+ Kf8 38. Qd8+ Kg7 39. Qc7+ Kf6 40. Qd6+ Kg7 41. Qe7+ Kg8 42. Qd8+ Kg7 43. Qe7+ Kg8 44. Qd8+ 1/2-1/2

[Event "German Masters"]
[Site "Rosenheim"]
[Date "2023.12.12"]
[Round "2"]
[White "Costa, Leonardo"]
[Black "Noe, Christopher"]
[Result "1/2-1/2"]
[WhiteElo "2472"]
[BlackElo "2528"]
[PlyCount "91"]
[EventDate "2023.12.11"]
[EventType "tourn"]
[EventRounds "9"]
[EventCountry "GER"]
[EventCategory "13"]
[SourceTitle "CB51_2023"]
[SourceDate "2023.12.20"]
[SourceVersion "1"]
[SourceVersionDate "2023.12.20"]
[SourceQuality "1"]

1. e4 e5 2. Nf3 Nc6 3. Bc4 Bc5 4. c3 Nf6 5. d3 d6 6. 0-0 0-0 7. Re1 a6 8. a4 Ne7 9. h3 Ng6 10. Nbd2 Be6 11. Bb3 Qd7 12. Nf1 h6 13. Bxe6 Qxe6 14. Ng3 d5 15. Qb3 Rfe8 16. Be3 dxe4 17. Qxe6 Rxe6 18. Nxe4 Nxe4 19. dxe4 Bxe3 20. Rxe3 Rd8 21. g3 Red6 22. Kf1 f6 23. a5 Nf8 24. Ke2 Ne6 25. b4 c5 26. Rb1 cxb4 27. cxb4 Nd4+ 28. Nxd4 Rxd4 29. b5 Ra4 30. bxa6 bxa6 31. Rb7 Ra2+ 32. Kf3 Rdd2 33. Rc3 Rxf2+ 34. Kg4 Rac2 35. Rxc2 Rxc2 36. Rb6 Rc3 37. Rxa6 Kf7 38. h4 h5+ 39. Kxh5 Rxg3 40. Rb6 g5 41. a6 gxh4 42. a7 Ra3 43. Rb7+ Ke6 44. Kxh4 f5 45. Rb6+ Kf7 46. Rb7+ 1/2-1/2

[Event "London GM-A"]
[Site "London"]
[Date "2023.12.06"]
[Round "4"]
[White "Noe, Christopher"]
[Black "Wadsworth, Matthew J"]
[Result "1/2-1/2"]
[WhiteElo "2528"]
[BlackElo "2448"]
[PlyCount "157"]
[EventDate "2023.12.05"]
[EventType "tourn"]
[EventRounds "9"]
[EventCountry "ENG"]
[EventCategory "10"]
[SourceTitle "CB50_2023"]
[SourceDate "2023.12.13"]
[SourceVersion "1"]
[SourceVersionDate "2023.12.13"]
[SourceQuality "1"]

1. d4 Nf6 2. c4 e6 3. Nc3 Bb4 4. e3 0-0 5. Nge2 d5 6. a3 Bd6 7. Ng3 c5 8. dxc5 Bxc5 9. Be2 dxc4 10. Qa4 Nbd7 11. Qxc4 a6 12. Nce4 Be7 13. Qc2 b5 14. Bf3 Ra7 15. Nxf6+ Nxf6 16. Bd2 Bb7 17. Bxb7 Rxb7 18. Rc1 Rd7 19. Ke2 a5 20. Rhd1 b4 21. axb4 axb4 22. Qc6 Qb8 23. e4 Rfd8 24. Be3 Rxd1 25. Rxd1 Rxd1 26. Kxd1 Ng4 27. Bc5 Qd8+ 28. Ke1 Bf6 29. Ke2 Bxb2 30. Bxb4 Nxf2 31. Kxf2 Qd4+ 32. Ke2 Qxb4 33. Qc8+ Qf8 34. Qxf8+ Kxf8 35. Nf1 Be5 36. h3 Bf4 37. Kf3 Bh6 38. Ke2 Ke7 39. Nh2 Kd6 40. Nf3 Bf4 41. Kd3 Kc5 42. Kc3 f6 43. g4 Bc7 44. Kd3 Be5 45. h4 g6 46. g5 Kd6 47. gxf6 Bxf6 48. h5 gxh5 49. e5+ Bxe5 50. Ng5 h4 51. Ke2 h3 52. Kf3 Ke7 53. Nxh3 Kf6 54. Nf2 Kf5 55. Ne4 Bc7 56. Nc5 e5 57. Ne4 h5 58. Ng3+ Kg6 59. Ne4 Bb8 60. Ng3 h4 61. Ne4 Kf5 62. Nf2 Bd6 63. Ne4 Be7 64. Nf2 Bg5 65. Ne4 Bf4 66. Nf2 Bh2 67. Ne4 h3 68. Nf2 Bg1 69. Nxh3 Ba7 70. Kg3 Be3 71. Kf3 Bd4 72. Kg3 Bb6 73. Kf3 Bd4 74. Kg3 e4 75. Kg2 Bc5 76. Kg3 Be3 77. Nf2 Bf4+ 78. Kg2 e3 79. Kf3 1/2-1/2

[Event "Pardubice Czech op-A 34th"]
[Site "Pardubice"]
[Date "2023.07.22"]
[Round "2"]
[White "Hartge, Gedeon"]
[Black "Noe, Christopher"]
[Result "0-1"]
[WhiteElo "2248"]
[BlackElo "2527"]
[PlyCount "148"]
[EventDate "2023.07.21"]
[EventType "swiss"]
[EventRounds "9"]
[EventCountry "CZE"]
[SourceTitle "CBM 215 Extra"]
[Source "ChessBase"]
[SourceDate "2023.09.30"]
[SourceVersion "1"]
[SourceVersionDate "2023.09.30"]
[SourceQuality "1"]

1. d4 Nf6 2. c4 e6 3. Nc3 Bb4 4. e3 c5 5. Nf3 b6 6. Bd2 cxd4 7. exd4 Bb7 8. Bd3 0-0 9. 0-0 d5 10. cxd5 Nxd5 11. Qe2 Nf6 12. Rfd1 Nbd7 13. Rac1 Be7 14. h3 Nd5 15. Bb1 Rc8 16. Re1 N7f6 17. Ne5 Nxc3 18. bxc3 Qd5 19. f3 Rfd8 20. Bg5 Qd6 21. Qd3 g6 22. Bf4 Qa3 23. Bd2 Ba6 24. Qe3 Nd5 25. Qh6 Bf8 26. Qh4 Qe7 27. Qg3 Bg7 28. Kh1 Qc7 29. f4 Qd6 30. h4 Nf6 31. Qf3 Rc7 32. Kh2 Rdc8 33. g4 Bb7 34. Qe2 Nd5 35. c4 Nf6 36. Be3 Ne4 37. g5 Qa3 38. Qd3 Qxd3 39. Bxd3 Nd6 40. c5 Nf5 41. Bxf5 gxf5 42. Rc3 Bd5 43. a3 Bf8 44. Rec1 Be7 45. Kg3 Kg7 46. Nd3 Be4 47. Nf2 Bb7 48. Nd3 h6 49. Ne5 hxg5 50. fxg5 f6 51. Nd3 bxc5 52. Nxc5 Kh7 53. Kf2 e5 54. Ke2 f4 55. Bf2 Bg2 56. Na4 Rxc3 57. Rxc3 Re8 58. Rc7 Kg6 59. dxe5 fxg5 60. hxg5 Bxg5 61. Rxa7 Rxe5+ 62. Kd3 Bf1+ 63. Kc3 Bf6 64. Kb3 Rb5+ 65. Kc2 Rh5 66. Kb3 Rb5+ 67. Kc2 Rh5 68. Kb3 Rh2 69. Bc5 Bd3 70. Rd7 Bf5 71. Rd6 Kg5 72. Nc3 Be5 73. Rd8 Be6+ 74. Kb4 Rb2+ 0-1

[Event "Pardubice Czech op-A 34th"]
[Site "Pardubice"]
[Date "2023.07.21"]
[Round "1"]
[White "Noe, Christopher"]
[Black "Holly, Andrej"]
[Result "1-0"]
[WhiteElo "2527"]
[BlackElo "2163"]
[PlyCount "73"]
[EventDate "2023.07.21"]
[EventType "swiss"]
[EventRounds "9"]
[EventCountry "CZE"]
[SourceTitle "CBM 215 Extra"]
[Source "ChessBase"]
[SourceDate "2023.09.30"]
[SourceVersion "1"]
[SourceVersionDate "2023.09.30"]
[SourceQuality "1"]

1. d4 Nf6 2. c4 e6 3. Bf4 d5 4. Nc3 Be7 5. e3 0-0 6. Nf3 Nbd7 7. h3 c6 8. Bd3 dxc4 9. Bxc4 b5 10. Bd3 Bb7 11. 0-0 a6 12. a4 b4 13. Ne4 Nxe4 14. Bxe4 Nf6 15. Qc2 Nxe4 16. Qxe4 Qb6 17. Be5 c5 18. dxc5 Bxc5 19. Qg4 f6 20. a5 Qc6 21. Bd4 e5 22. Rfc1 exd4 23. exd4 f5 24. Qh5 Qf6 25. Rxc5 Bxf3 26. Qxf3 Qxd4 27. Qb3+ Kh8 28. Rc4 Qe5 29. Rxb4 f4 30. Qf3 Rab8 31. Rb6 Qc5 32. b4 Qc4 33. Rd1 Rxb6 34. axb6 Qxb4 35. b7 Qc4 36. Qd5 Qb4 37. Qd6 1-0

[Event "BL2-Sued 2223"]
[Site "Germany"]
[Date "2022.11.25"]
[Round "6.2"]
[White "Horvath, Adam"]
[Black "Noe, Christopher"]
[Result "0-1"]
[WhiteElo "2511"]
[BlackElo "2503"]
[PlyCount "182"]
[EventDate "2022.10.22"]
[EventType "team-tourn"]
[EventRounds "9"]
[EventCountry "GER"]
[SourceTitle "EXT 2024"]
[Source "ChessBase"]
[SourceDate "2023.10.10"]
[SourceVersion "1"]
[SourceVersionDate "2023.10.10"]
[SourceQuality "1"]
[WhiteTeam "Speyer Schwegenheim"]
[BlackTeam "Eppingen"]
[WhiteTeamCountry "GER"]
[BlackTeamCountry "GER"]

1. e4 c6 2. d4 d5 3. e5 Bf5 4. h4 Qc7 5. h5 h6 6. g4 Be4 7. f3 Bh7 8. Bd3 Bxd3 9. Qxd3 e6 10. c3 c5 11. Na3 Nc6 12. Nc2 Rc8 13. Rh2 Nf6 14. Re2 Nd7 15. f4 cxd4 16. cxd4 Nb4 17. Nxb4 Bxb4+ 18. Kf2 Qc4 19. Qd1 0-0 20. Nf3 f6 21. Kg3 fxe5 22. fxe5 Rf7 23. Rf2 Rcf8 24. Be3 Nc5 25. dxc5 Qe4 26. Qe2 d4 27. Nxd4 Qxe5+ 28. Bf4 Qxd4 29. Qxe6 Bxc5 30. Raf1 Qd7 31. Re2 Qxe6 32. Rxe6 Bb6 33. Re4 Bc7 34. Rc4 Kh7 35. Rf3 Bb8 36. Re4 Rf6 37. Rf2 R8f7 38. a4 g5 39. hxg6+ Kxg6 40. Bxb8 Rxf2 41. Kh4 a6 42. b4 R2f3 43. Rd4 Ra3 44. a5 Re3 45. Bf4 Re6 46. Kg3 Rfe7 47. Rd5 Rc6 48. b5 Rc3+ 49. Kh4 axb5 50. Rxb5 Rf7 51. Bd2 Rd3 52. Rb6+ Rf6 53. Rb2 Rc6 54. Be1 Rc1 55. Rb6+ Kf7 56. Rxb7+ Ke6 57. Rb8 Kf7 58. Rb7+ Kf6 59. Rb6+ Ke5 60. Bg3+ Ke4 61. Re6+ Kf3 62. Rf6+ Kg2 63. Rf2+ Kg1 64. Kh3 Rcc3 65. Rg2+ Kf1 66. Rf2+ Ke1 67. Rf3+ Ke2 68. Rf2+ Ke3 69. Rf6 Kd2 70. Rf2+ Kd1 71. Rf1+ Kc2 72. Rf2+ Kb3 73. Rg2 Rc5 74. Kh4 Rxa5 75. Bf4 Ra1 76. Rh2 Ra6 77. Kh5 Rd5+ 78. g5 Kc3 79. Rh1 Rb5 80. Rd1 Ra4 81. Rf1 Kd3 82. Bc1 Ke2 83. Rh1 Ra6 84. Kg4 Ra4+ 85. Kh5 Ra6 86. Kg4 hxg5 87. Bxg5 Rg6 88. Rh5 Rg8 89. Kf4 Kf1 90. Kg4 Kg2 91. Kf4 Rf8+ 0-1

[Event "BL2-Sued 2223"]
[Site "Germany"]
[Date "2022.10.22"]
[Round "1.1"]
[White "Bauer, Christian"]
[Black "Noe, Christopher"]
[Result "1-0"]
[WhiteElo "2615"]
[BlackElo "2503"]
[PlyCount "97"]
[EventDate "2022.10.22"]
[EventType "team-tourn"]
[EventRounds "9"]
[EventCountry "GER"]
[SourceTitle "EXT 2024"]
[Source "ChessBase"]
[SourceDate "2023.10.10"]
[SourceVersion "1"]
[SourceVersionDate "2023.10.10"]
[SourceQuality "1"]
[WhiteTeam "Oetigheim"]
[BlackTeam "Eppingen"]
[WhiteTeamCountry "GER"]
[BlackTeamCountry "GER"]

1. e4 c6 2. Nf3 d5 3. d3 Qc7 4. Nc3 dxe4 5. dxe4 e5 6. Bc4 h6 7. 0-0 Nf6 8. a3 Nbd7 9. Qe2 Nc5 10. Be3 Ng4 11. Nh4 Be7 12. Qf3 Rf8 13. Bxc5 Bxc5 14. Rad1 Nf6 15. h3 Bd7 16. b4 Be7 17. Nf5 Bxf5 18. Qxf5 Rd8 19. Rxd8+ Bxd8 20. Rd1 g6 21. Qf3 Rh8 22. Qe3 b5 23. Bb3 Be7 24. a4 a6 25. axb5 axb5 26. Ra1 Kf8 27. Ra8+ Ne8 28. Qf3 Rh7 29. Na2 Qb7 30. Ra3 Bd8 31. Nc1 Bc7 32. Nd3 Bd6 33. Qe3 Bb8 34. Nc5 Qe7 35. Ra6 Kg7 36. Rxc6 Rh8 37. Qd3 Nf6 38. Qxb5 Rd8 39. Qe2 Nh5 40. Nd3 Ba7 41. Qf3 Rd7 42. g3 Qg5 43. Kg2 Bd4 44. c3 Ba7 45. Bd5 Qe7 46. b5 Nf6 47. b6 Bb8 48. c4 Rd6 49. c5 1-0

[Event "Pardubice Czech op-A 33rd"]
[Site "Pardubice"]
[Date "2022.07.26"]
[Round "5"]
[White "Dixit, Nikhil"]
[Black "Noe, Christopher"]
[Result "1/2-1/2"]
[WhiteElo "2325"]
[BlackElo "2505"]
[PlyCount "31"]
[EventDate "2022.07.22"]
[EventType "swiss"]
[EventRounds "9"]
[EventCountry "CZE"]
[SourceTitle "CBM 209 Extra"]
[Source "ChessBase"]
[SourceDate "2022.09.30"]
[SourceVersion "1"]
[SourceVersionDate "2022.09.30"]
[SourceQuality "1"]

1. e4 c6 2. d4 d5 3. e5 c5 4. dxc5 Nc6 5. Nf3 Bg4 6. c3 e6 7. Be3 Nge7 8. Bb5 Qc7 9. Nbd2 Nf5 10. Bd4 a6 11. Ba4 Be7 12. 0-0 Nh4 13. h3 Bh5 14. g3 Nxf3+ 15. Nxf3 0-0 16. Qd3 1/2-1/2

[Event "Warsaw Najdorf Memorial op-A"]
[Site "Warsaw"]
[Date "2022.07.15"]
[Round "7"]
[White "Noe, Christopher"]
[Black "Jarmula, Lukasz"]
[Result "1/2-1/2"]
[WhiteElo "2505"]
[BlackElo "2452"]
[PlyCount "42"]
[EventDate "2022.07.09"]
[EventType "swiss"]
[EventRounds "9"]
[EventCountry "POL"]
[SourceTitle "CBM 209 Extra"]
[Source "ChessBase"]
[SourceDate "2022.09.30"]
[SourceVersion "1"]
[SourceVersionDate "2022.09.30"]
[SourceQuality "1"]

1. d4 d6 2. e4 Nf6 3. Nc3 e5 4. Nge2 exd4 5. Nxd4 Be7 6. g3 Nc6 7. Bg2 Nxd4 8. Qxd4 0-0 9. 0-0 c6 10. Bf4 Be6 11. Rad1 Ne8 12. Rfe1 Bf6 13. e5 dxe5 14. Qxd8 Rxd8 15. Rxd8 Bxd8 16. Bxe5 Nf6 17. Bd4 Bb6 18. Bxb6 axb6 19. a4 Bf5 20. Re2 Rd8 21. Kf1 Kf8 1/2-1/2

[Event "Warsaw Najdorf Memorial op-A"]
[Site "Warsaw"]
[Date "2022.07.14"]
[Round "6"]
[White "Padalka, Artem"]
[Black "Noe, Christopher"]
[Result "0-1"]
[WhiteElo "2204"]
[BlackElo "2505"]
[PlyCount "78"]
[EventDate "2022.07.09"]
[EventType "swiss"]
[EventRounds "9"]
[EventCountry "POL"]
[SourceTitle "CBM 209 Extra"]
[Source "ChessBase"]
[SourceDate "2022.09.30"]
[SourceVersion "1"]
[SourceVersionDate "2022.09.30"]
[SourceQuality "1"]

1. e4 c6 2. d3 d5 3. Nd2 e5 4. Ngf3 Nd7 5. g3 Ngf6 6. Bg2 Bd6 7. 0-0 0-0 8. c3 Re8 9. Re1 Bf8 10. Qc2 Qc7 11. Nf1 b6 12. Ne3 Ba6 13. b4 Bxd3 14. Qxd3 dxe4 15. Qc2 exf3 16. Bxf3 a5 17. Rb1 e4 18. Bg2 Ne5 19. Bxe4 Nxe4 20. Qxe4 Rad8 21. Nc2 Qd7 22. Rf1 f5 23. Qe2 Qd5 24. Ne3 Qe4 25. Qc2 Nf3+ 26. Kh1 Rd3 27. Ng2 Red8 28. Be3 h5 29. Bxb6 R8d7 30. Qb3+ Kh7 31. bxa5 h4 32. h3 hxg3 33. fxg3 Rd2 34. Bf2 Bc5 35. Rbd1 Bxf2 36. Qb1 Rxd1 37. Rxd1 Rxd1+ 38. Qxd1 Ne1 39. Qh5+ Kg8 0-1

[Event "Warsaw Najdorf Memorial op-A"]
[Site "Warsaw"]
[Date "2022.07.09"]
[Round "1"]
[White "Noe, Christopher"]
[Black "Kazmierowski, Tymon"]
[Result "1-0"]
[WhiteElo "2505"]
[BlackElo "1961"]
[PlyCount "81"]
[EventDate "2022.07.09"]
[EventType "swiss"]
[EventRounds "9"]
[EventCountry "POL"]
[SourceTitle "CBM 209 Extra"]
[Source "ChessBase"]
[SourceDate "2022.09.30"]
[SourceVersion "1"]
[SourceVersionDate "2022.09.30"]
[SourceQuality "1"]

1. d4 Nf6 2. c4 e6 3. Nf3 b6 4. Bf4 Bb7 5. e3 Bb4+ 6. Nfd2 0-0 7. a3 Bxd2+ 8. Nxd2 d6 9. Be2 Nbd7 10. 0-0 e5 11. Bg5 exd4 12. exd4 h6 13. Bh4 Re8 14. Bd3 Qe7 15. Nb1 c5 16. d5 Ne5 17. Nc3 Nxd3 18. Qxd3 Rad8 19. f4 Qe3+ 20. Qxe3 Rxe3 21. Bxf6 gxf6 22. Rae1 Rxe1 23. Rxe1 Kf8 24. Ne4 f5 25. Nc3 a6 26. Rb1 b5 27. b4 cxb4 28. Rxb4 Rc8 29. Kf2 Kg7 30. Ke3 Kg6 31. a4 a5 32. Rxb5 Rxc4 33. Kd3 Rb4 34. Rxa5 Rxf4 35. Ra7 Rb4 36. a5 f4 37. a6 Bc8 38. Ra8 Bf5+ 39. Kd2 Rd4+ 40. Ke1 Rd3 41. a7 1-0

[Event "BL2-Sued 2122"]
[Site "Germany"]
[Date "2022.06.18"]
[Round "7.2"]
[White "Nasshan, Dennis"]
[Black "Noe, Christopher"]
[Result "1-0"]
[WhiteElo "2291"]
[BlackElo "2513"]
[PlyCount "143"]
[EventDate "2022.03.05"]
[EventType "team-tourn"]
[EventRounds "10"]
[EventCountry "GER"]
[SourceTitle "EXT 2023"]
[Source "ChessBase"]
[SourceDate "2022.10.05"]
[SourceVersion "1"]
[SourceVersionDate "2022.10.05"]
[SourceQuality "1"]
[WhiteTeam "Worms"]
[BlackTeam "Eppingen"]
[WhiteTeamCountry "GER"]
[BlackTeamCountry "GER"]

1. d4 Nf6 2. c4 e6 3. Nf3 b6 4. g3 Ba6 5. b3 d5 6. cxd5 exd5 7. Bg2 Bb4+ 8. Bd2 Be7 9. 0-0 0-0 10. Nc3 Bb7 11. Bf4 c5 12. dxc5 bxc5 13. Ne5 Na6 14. Nc4 h6 15. Rc1 Rc8 16. Be5 Nc7 17. Ne3 Re8 18. Bxf6 Bxf6 19. Nexd5 Bxd5 20. Nxd5 Nxd5 21. Bxd5 h5 22. Bc4 Qxd1 23. Rfxd1 Red8 24. Rxd8+ Rxd8 25. Bd3 Be7 26. Kg2 Rd4 27. Kf3 g6 28. Rd1 Kg7 29. e3 Rd8 30. Ke2 f5 31. h4 Kf6 32. Rc1 Rb8 33. e4 fxe4 34. Bxe4 Rb4 35. Bd3 Rd4 36. Rc2 Rd6 37. Bc4 Bd8 38. Bd3 Bb6 39. Rc4 Re6+ 40. Kf3 Kg7 41. Rc2 Rf6+ 42. Kg2 Rd6 43. Bc4 Bd8 44. Re2 Bf6 45. a4 Kf8 46. Kh3 a5 47. Kg2 Bc3 48. Re3 Bd4 49. Re4 Bc3 50. Re3 Bd4 51. Re4 Bc3 52. f4 Rd2+ 53. Kh3 Bd4 54. Re6 Kg7 55. Re7+ Kh8 56. Ra7 Bc3 57. Ra8+ Kg7 58. Ra7+ Kh8 59. Rc7 Bd4 60. Rf7 Bg1 61. g4 hxg4+ 62. Kxg4 Rg2+ 63. Kf3 Rf2+ 64. Kg3 Rd2 65. Ra7 Bh2+ 66. Kg4 Rd4 67. Rxa5 Bxf4 68. Kh3 Be3 69. Ra8+ Kg7 70. a5 Rd2 71. a6 Kh7 72. Re8 1-0

[Event "EU-ch 22nd"]
[Site "Terme Catez"]
[Date "2022.04.03"]
[Round "8"]
[White "Noe, Christopher"]
[Black "Beydullayeva, Govhar"]
[Result "1/2-1/2"]
[WhiteElo "2515"]
[BlackElo "2308"]
[PlyCount "212"]
[EventDate "2022.03.27"]
[EventType "swiss"]
[EventRounds "11"]
[EventCountry "SLO"]
[SourceTitle "CBM 208"]
[Source "ChessBase"]
[SourceDate "2022.06.30"]
[SourceVersion "1"]
[SourceVersionDate "2022.06.30"]
[SourceQuality "1"]

1. d4 Nf6 2. c4 e6 3. Nc3 Bb4 4. Qb3 c5 5. Nf3 Nc6 6. e3 d6 7. Bd2 0-0 8. Be2 e5 9. d5 Ne7 10. a3 Bxc3 11. Bxc3 Ne4 12. Nd2 Nxc3 13. Qxc3 f5 14. f4 Ng6 15. 0-0 Bd7 16. Bd3 Qe7 17. Rae1 Rae8 18. Nb1 Qf6 19. g3 Re7 20. Rd1 Nh8 21. Qc2 Nf7 22. Nc3 Nh6 23. h3 exf4 24. exf4 Re3 25. Qf2 Rfe8 26. Kg2 Qe7 27. Rd2 Kf8 28. Nd1 Rxd3 29. Rxd3 Qe4+ 30. Qf3 Qxc4 31. Nc3 Ng8 32. Re3 Rxe3 33. Qxe3 Qb3 34. Qd2 b5 35. Rf3 Nf6 36. Rd3 a5 37. Nd1 Qc4 38. b3 Qe4+ 39. Kh2 b4 40. axb4 axb4 41. Qe3 Bc8 42. Qxe4 Nxe4 43. Ne3 Ba6 44. Rd1 Nc3 45. Ra1 Bb7 46. Ra7 Bxd5 47. Nxd5 Nxd5 48. Rd7 Nf6 49. Rxd6 h5 50. Kg2 Ke7 51. Rd1 Ke6 52. Kf3 g6 53. Ke3 Ne4 54. g4 hxg4 55. hxg4 Nc3 56. Rg1 Nd5+ 57. Kf3 Nc3 58. Re1+ Kd6 59. Re8 Nb5 60. Rd8+ Ke6 61. gxf5+ gxf5 62. Ke3 Nd6 63. Kd3 Ke7 64. Rh8 Kd7 65. Rh7+ Kc6 66. Rh6 Kd5 67. Rf6 Kc6 68. Rf8 Kc7 69. Rg8 Kd7 70. Ra8 Kc7 71. Ra6 Kd7 72. Ke3 Kc7 73. Ra7+ Kc6 74. Re7 Kd5 75. Re5+ Kc6 76. Kd3 Kb6 77. Re1 Kc6 78. Ke3 Kd5 79. Rd1+ Ke6 80. Kf3 Nb5 81. Re1+ Kd7 82. Re5 Nd4+ 83. Ke3 Nxb3 84. Kd3 Kd6 85. Rxf5 Nd4 86. Rh5 b3 87. Rh6+ Kd5 88. Rh5+ Kd6 89. Kc3 Ne2+ 90. Kxb3 Nxf4 91. Rf5 Nd5 92. Rf8 Kc6 93. Rh8 Nb6 94. Kc3 Nd5+ 95. Kd3 Nb6 96. Ke4 Kb5 97. Rh1 Na4 98. Ke5 Nc3 99. Rh4 c4 100. Rh8 Kb4 101. Rb8+ Nb5 102. Kd5 c3 103. Kc6 c2 104. Rxb5+ Kc3 105. Rc5+ Kd2 106. Rxc2+ Kxc2 1/2-1/2

[Event "EU-ch 22nd"]
[Site "Terme Catez"]
[Date "2022.04.02"]
[Round "7"]
[White "Unuk, Laura"]
[Black "Noe, Christopher"]
[Result "0-1"]
[WhiteElo "2346"]
[BlackElo "2515"]
[PlyCount "66"]
[EventDate "2022.03.27"]
[EventType "swiss"]
[EventRounds "11"]
[EventCountry "SLO"]
[SourceTitle "CBM 208"]
[Source "ChessBase"]
[SourceDate "2022.06.30"]
[SourceVersion "1"]
[SourceVersionDate "2022.06.30"]
[SourceQuality "1"]

1. d4 Nf6 2. c4 e6 3. Nf3 c5 4. d5 b5 5. dxe6 fxe6 6. cxb5 d5 7. e3 Bd6 8. b3 0-0 9. Bb2 Nbd7 10. Nbd2 Bb7 11. Bd3 Kh8 12. Qc2 e5 13. e4 c4 14. bxc4 dxe4 15. Nxe4 Nxe4 16. Bxe4 Bxe4 17. Qxe4 Qa5+ 18. Kf1 Rac8 19. Rd1 Qb4 20. Qe2 e4 21. Qxe4 Qxb2 22. Rxd6 Rce8 23. Qd3 Ne5 24. Qb3 Qc1+ 25. Rd1 Qf4 26. h4 Ng4 27. h5 h6 28. c5 Qe4 29. Qd3 Qe7 30. Qc2 Rf5 31. c6 Rc5 32. Qd2 Rd5 33. Qc2 Qc5 0-1

[Event "EU-ch 22nd"]
[Site "Terme Catez"]
[Date "2022.04.01"]
[Round "6"]
[White "Noe, Christopher"]
[Black "Samunenkov, Igor"]
[Result "0-1"]
[WhiteElo "2515"]
[BlackElo "2372"]
[PlyCount "48"]
[EventDate "2022.03.27"]
[EventType "swiss"]
[EventRounds "11"]
[EventCountry "SLO"]
[SourceTitle "CBM 208"]
[Source "ChessBase"]
[SourceDate "2022.06.30"]
[SourceVersion "1"]
[SourceVersionDate "2022.06.30"]
[SourceQuality "1"]

1. d4 d5 2. c4 e6 3. Nc3 a6 4. cxd5 exd5 5. Qb3 c5 6. dxc5 Nf6 7. Be3 d4 8. 0-0-0 Bxc5 9. Qc4 Nbd7 10. Bxd4 Bxd4 11. Qxd4 0-0 12. e4 Qc7 13. Nf3 Nc5 14. Kb1 Be6 15. Nd5 Nxd5 16. exd5 Bxd5 17. Rc1 Bxa2+ 18. Kxa2 Qa5+ 19. Kb1 Nb3 20. Qc3 Qa1+ 21. Kc2 Nxc1 22. Bc4 Qa4+ 23. b3 Qa2+ 24. Kxc1 b5 0-1

[Event "EU-ch 22nd"]
[Site "Terme Catez"]
[Date "2022.03.30"]
[Round "4"]
[White "Noe, Christopher"]
[Black "Langheinrich, Ferenc"]
[Result "1-0"]
[WhiteElo "2515"]
[BlackElo "2351"]
[PlyCount "61"]
[EventDate "2022.03.27"]
[EventType "swiss"]
[EventRounds "11"]
[EventCountry "SLO"]
[SourceTitle "CBM 208"]
[Source "ChessBase"]
[SourceDate "2022.06.30"]
[SourceVersion "1"]
[SourceVersionDate "2022.06.30"]
[SourceQuality "1"]

1. d4 d5 2. c4 dxc4 3. Nf3 Nf6 4. e3 e6 5. Bxc4 c5 6. 0-0 a6 7. Nc3 b5 8. Bb3 Bb7 9. Qe2 Nbd7 10. Rd1 Qc7 11. d5 Nxd5 12. Nxd5 Bxd5 13. Bxd5 exd5 14. Rxd5 Be7 15. e4 0-0 16. Bf4 Qb7 17. Rd2 c4 18. Nd4 Bb4 19. Rdd1 Nf6 20. e5 Rfe8 21. Nf5 Bf8 22. h3 Qe4 23. Qxe4 Nxe4 24. Nd6 Bxd6 25. exd6 c3 26. d7 Red8 27. Bc7 cxb2 28. Rab1 Nc3 29. Bxd8 Nxb1 30. Ba5 f6 31. Rxb1 1-0

[Event "EU-ch 22nd"]
[Site "Terme Catez"]
[Date "2022.03.27"]
[Round "1"]
[White "Roebers, Jan"]
[Black "Noe, Christopher"]
[Result "0-1"]
[WhiteElo "2156"]
[BlackElo "2515"]
[PlyCount "82"]
[EventDate "2022.03.27"]
[EventType "swiss"]
[EventRounds "11"]
[EventCountry "SLO"]
[SourceTitle "CBM 208"]
[Source "ChessBase"]
[SourceDate "2022.06.30"]
[SourceVersion "1"]
[SourceVersionDate "2022.06.30"]
[SourceQuality "1"]

1. e4 c5 2. Nf3 e6 3. d4 cxd4 4. Nxd4 Nf6 5. Nc3 d6 6. Be3 a6 7. a4 Be7 8. Be2 Qc7 9. 0-0 0-0 10. f4 b6 11. Bf3 Bb7 12. Qe1 Nc6 13. Qf2 Nb4 14. f5 e5 15. Nb3 Bd8 16. a5 b5 17. Rfd1 Be7 18. Rd2 Qc4 19. Be2 Qc8 20. Bf3 Re8 21. g4 Qc4 22. Qg2 Nxc2 23. Rxc2 Qxb3 24. Ra3 Qb4 25. g5 Nd7 26. f6 Bf8 27. fxg7 Bxg7 28. Nd5 Bxd5 29. exd5 e4 30. Bd1 Ne5 31. Qd2 Qxd2 32. Bxd2 Nc4 33. Ra2 Re5 34. b3 Nxd2 35. Rxd2 Rxg5+ 36. Kf2 Bc3 37. Re2 Bd4+ 38. Ke1 Rg1+ 39. Kd2 f5 40. Rc2 Bc5 41. Kc1 Kf7 0-1

[Event "Marianske Lazne GM-A1 20th"]
[Site "Marianske Lazne"]
[Date "2022.01.20"]
[Round "7"]
[White "Czerw, Dawid"]
[Black "Noe, Christopher"]
[Result "0-1"]
[WhiteElo "2396"]
[BlackElo "2530"]
[PlyCount "64"]
[EventDate "2022.01.15"]
[EventType "tourn"]
[EventRounds "9"]
[EventCountry "CZE"]
[EventCategory "7"]
[SourceTitle "CBM 206 Extra"]
[Source "ChessBase"]
[SourceDate "2022.03.31"]
[SourceVersion "1"]
[SourceVersionDate "2022.03.31"]
[SourceQuality "1"]

1. d4 Nf6 2. c4 e6 3. g3 c5 4. Nf3 cxd4 5. Nxd4 Qb6 6. Bg2 Bc5 7. e3 Nc6 8. Nb3 Bb4+ 9. Bd2 Ne5 10. Qc2 d5 11. cxd5 Qa6 12. Nc1 Bxd2+ 13. Nxd2 Nxd5 14. Bf1 Qb6 15. Ncb3 Bd7 16. Qc5 Qxc5 17. Nxc5 Bc6 18. e4 Nb4 19. Ke2 0-0-0 20. a3 Bb5+ 21. Kd1 Nf3 22. Ncb3 Ba4 23. Ke2 Rxd2+ 24. Kxf3 Bxb3 25. axb4 Kb8 26. Be2 Rhd8 27. Ke3 Rxb2 28. Rhb1 Rdd2 29. Rxb2 Rxb2 30. f4 Bc2 31. b5 Bxe4 32. Rd1 Bd5 0-1